Loading...
Science - Biology | 0 | 8 | 0 | 2 | 80 | 52 | 85.00 | 1 | 5 |
Science - Chemistry | 0 | 5 | 1 | 0 | 45 | 61 | 80.80 | 1 | 1 |
Social Science | 0 | 4 | 0 | 0 | 40 | 49 | 80.75 | 1 | 2 |
Fine Arts - Other Fine Arts | 0 | 2 | 0 | 2 | 20 | 103 | 116.00 | 0 | 0 |
History - European History | 0 | 2 | 0 | 0 | 20 | 125 | 125.00 | 0 | 0 |
Literature - World/Other Literature | 0 | 2 | 0 | 2 | 20 | 128 | 128.00 | 0 | 0 |
Geography/Current Events | 0 | 1 | 0 | 0 | 10 | 78 | 78.00 | 0 | 1 |
Science - Other Science | 0 | 2 | 2 | 0 | 10 | 111 | 117.50 | 0 | 0 |
Science - Physics | 0 | 1 | 0 | 0 | 10 | 104 | 104.00 | 0 | 0 |
Mythology | 0 | 1 | 0 | 0 | 10 | 137 | 137.00 | 0 | 0 |
History - American History | 0 | 1 | 0 | 1 | 10 | 124 | 124.00 | 0 | 0 |
History - Other History | 0 | 1 | 1 | 0 | 5 | 78 | 78.00 | 0 | 0 |
Philosophy | 0 | 0 | 0 | 0 | 0 | 0.00 | 0 | 0 | |
Pop Culture | 0 | 0 | 1 | 0 | -5 | 0.00 | 0 | 0 |